01499nam a2200349 a 4500001001000000003000500010005001700015008004100032010001100073011001100084040000900095090001000104100004000114245014000154260004100294500006000335502008200395590004000477590004000517590004000557650004600597650003900643650003900682650005000721856007000771901000700841942001000848942000600858999001900864952013100883952013501014000114044CHAP20220329144424.0171023s2017 mx sm |||||||spa d a110505 a111477 cCHAP aTesis1 aSalinas López, Oscar Omar913388210aEvaluación de la eficiencia de la planta de tratamiento de aguas residuales de la UACHh[En línea]cpor Oscar Omar Salinas López. aChapingo, Méx. :bEl autor,c2017. aPara ver el contenido del material haga clic en la liga aTesis (Ing. en Recursos Naturales Renovables) -- UACH. Departamento de suelos aE6339RRRb05c20171023lUCH01h1356 aE6339RRRb05c20171023lUCH01h1357 aE6339RRRb05c20171023lUCH01h135814aAguas residuales para irrigación.9259114aAguas residualesxAnálisis9258414aAguas residualesxCalidad.913388314aAguas residualesxModelos matemáticos92587 aFinding aiduhttp://10.13.5.2/tesis/sist114044.pdfzTeclea aquí aBK cTESIS n0 c110505d110505 00104054718TESISaBCbBCd2017-10-23fTESISl0oTesisp114045-10r2019-12-31 00:00:00w2019-12-31yTESISzRecien adquirido 00102local4053708TESISaBCbBCcPA_TESISd2017-10-23fTESISl0oTesisp114045-20r2019-12-31 00:00:00tc.2w2019-12-31yTESIS